| 000 | 00492cam a2200145 4500500 | ||
|---|---|---|---|
| 005 | 20251012021533.0 | ||
| 041 | _afre | ||
| 042 | _adc | ||
| 100 | 1 | 0 |
_aSalin, Dominique _eauthor |
| 245 | 0 | 0 | _aBernard Minvielle, POURQUOI LA MÉDITATION NE SUFFIT PAS Cerf, 2021, 204 p., 18 €. |
| 260 | _c2022. | ||
| 500 | _a62 | ||
| 786 | 0 | _nChristus | º274 | 2 | 2022-04-01 | p. 123-124 | 0009-5834 | |
| 856 | 4 | 1 | _uhttps://shs.cairn.info/revue-christus-2022-2-page-123?lang=fr&redirect-ssocas=7080 |
| 999 |
_c1538657 _d1538657 |
||